| 000 | 00453nam a2200181Ia 4500 | ||
|---|---|---|---|
| 001 | 9854 | ||
| 005 | 20260306161749.0 | ||
| 008 | 260306t2009||||xx |||||||||||||| ||spa|| | ||
| 041 | _aESP | ||
| 082 |
_a478 _bZ55 2009 |
||
| 100 |
_aZeballos Barrios, Carlos O. _eAUT |
||
| 245 | 0 |
_aIntroducción a la lengua latina: _blatín básico - latín jurídico |
|
| 260 | _c2009 | ||
| 300 |
_a _c |
||
| 650 | _aGEN | ||
| 654 | _aCHU | ||
| 942 |
_cLIB _dJUS _fJUS _2ddc _n |
||
| 999 |
_c9854 _d9854 |
||